|
|
|
|
| LEADER |
00000nam a2200000 a 4500 |
| 001 |
vtls001417123 |
| 003 |
SK-MaSNL |
| 005 |
20260301202348.0 |
| 008 |
160415s2000 xo ap r 0yy0 eng |
| 015 |
|
|
|a SNBA2001/12-04152
|
| 020 |
|
|
|a 8071007331
|
| 035 |
|
|
|a SNK000371902
|
| 040 |
|
|
|a SNK
|b slo
|c SNK
|e AACR2
|
| 041 |
0 |
|
|a eng
|
| 044 |
|
|
|a xo
|c SK
|
| 080 |
|
|
|a 624/625(082)=20
|2 1981
|
| 245 |
1 |
|
|a Studies of University in Žilina
|b civil engineering series
|n Volume 23/2000
|c [editor: Ján Čelko ... [et al.]]
|
| 260 |
|
|
|a Žilina
|b University of Žilina
|c 2000
|
| 300 |
|
|
|a 126 s.
|b sch., tab.
|c 20 cm
|
| 504 |
|
|
|a Bibliogr. odkazy. Res. angl. a slov.
|
| 650 |
0 |
7 |
|a dopravné staviteľstvo
|2 SNK
|9 83975
|
| 655 |
|
7 |
|a zbierky
|2 SNK
|9 70533
|
| 700 |
1 |
|
|a Čelko, Ján,
|d 1959-
|4 edi
|9 9652
|
| 700 |
1 |
|
|a Ižvolt, Libor,
|d 1955-
|4 edi
|9 11085
|
| 700 |
1 |
|
|a Kovářík, Karel,
|d 1947-
|4 edi
|9 198568
|
| 700 |
1 |
|
|a Melcer, Jozef,
|d 1952-
|4 edi
|9 91011
|
| 700 |
1 |
|
|a Štubňa, Jozef,
|d 1941-
|4 edi
|9 39396
|
| 700 |
1 |
|
|a Vičan, Josef
|4 edi
|9 7216
|
| 710 |
2 |
|
|a Žilinská univerzita v Žiline
|4 vyd
|9 165741
|
| 919 |
|
|
|a 80-7100-733-1
|
| 958 |
|
|
|a TL
|
| 958 |
|
|
|a NB
|
| 958 |
|
|
|a ZB
|
| 999 |
|
|
|c 898554
|d 900484
|
| 952 |
|
|
|a SNK
|b SNK
|y PREZ
|7 0
|p 17A0307682
|o snkČSD 1897/23/2000
|i snkKSP 8438/2001
|0 0
|1 0
|4 0
|d 2001-07-20
|l 0
|r 2005-01-02 00:00:00
|w 2026-02-24
|
| 952 |
|
|
|a SNK
|b SNK
|y PREZ
|7 0
|p 17A0307683
|o snkČSD 1897/23/2000 D1
|i snkKSP 8439/2001
|0 0
|1 0
|4 0
|d 2001-07-20
|l 0
|r 2005-01-02 00:00:00
|w 2026-02-24
|